000 00531nam a2200181Ia 4500
999 _c9945
_d9945
003 OSt
005 20191216112838.0
008 190216s9999||||xx |||||||||||||| ||und||
020 _a8173280231
040 _coclc
082 _a339.01
_bJOS/M
100 _aJoshi, J M
_9500
245 0 _aMicroeconomic Theory An Analytical Approch /
_cJ M Joshi / Rajendra Joshi
260 _bWishwa Prakashan,
_c1994.
_aNew Delhi:
300 _a552p
650 _aEconomics
942 _cBK
_2ddc
_h339.01
_iJOS/M
_k339.01
_mJOS/M